| 000 | 01209nam a22001577a 4500 | ||
|---|---|---|---|
| 080 | _a81.2 | ||
| 090 | _bПРО | ||
| 100 | _aПронина Р.Ф. | ||
| 245 | _aПеревод английской научно-технической литературы: Учебное пособие для втузов | ||
| 250 | _a3 | ||
| 260 |
_aМосква _bВысшая школа _c1986 |
||
| 300 | _a175 | ||
| 520 | _aВ пособии рассматриваются основные языковые трудности, с которыми сталкиваются студенты при переводе оригинальной технической литературы. Пособие содержит следующие сведения по теории и технике перевода: организация работы над текстом, лексические и грамматические проблемы перевода, последовательность работы над текстом, перевод со словарем и без словаря и др. В 3-м издании расширена тематика текстов. | ||
| 650 | _aTranslation | ||
| 999 |
_c282835 _d282835 |
||
| 942 | _cBK | ||